书目信息 |
| 题名: |
Visual C++Windows程序设计
|
|
| 作者: | 周升锋 编著 | |
| 分册: | ||
| 出版信息: | 西安 西安交通大学出版社 1996.06 |
|
| 页数: | 291页 | |
| 开本: | 16开 | |
| 丛书名: | ||
| 单 册: | ||
| 中图分类: | TP312 | |
| 科图分类: | ||
| 主题词: | 软件 | |
| 电子资源: | ||
| ISBN: | 7-5605-0847-2 | |
| 000 | 00586nam0 2200205 45 | |
| 001 | 0004241095 | |
| 005 | 20000518111404.3 | |
| 010 | @a7-5605-0847-2@d18.00元 | |
| 100 | @a20000424d1996 km y0chiy0120 ea | |
| 101 | @achi | |
| 105 | @a z 000yy | |
| 200 | 1 | @aVisual C++Windows程序设计@AVisual C++Windows ChengXu She Ji@f周升锋编著@FZhou Sheng Feng Bian Zhu |
| 205 | @a1 | |
| 210 | @a西安@c西安交通大学出版社@d1996.06 | |
| 215 | @a291页@d16开 | |
| 606 | 0 | @a软件 |
| 690 | @aTP312@v3 | |
| 701 | @a周升锋@4编著 | |
| 801 | @aCN@bPftUser@c20000424 | |
| 905 | @b55966-967@dTP312@eZH253@f2 | |
| Visual C++Windows程序设计/周升锋编著.-1.-西安:西安交通大学出版社,1996.06 |
| 291页;16开 |
| ISBN 7-5605-0847-2:18.00元 |
| ● |
| 相关链接 |
|
|
|
正题名:Visual C++Windows程序设计
索取号:TP312/ZH253
 
预约/预借
| 序号 | 登录号 | 条形码 | 馆藏地/架位号 | 状态 | 备注 |
| 1 | 55966 | 200559662 | 期刊室512/301自科库 47排5列1层/ [索取号:TP312/ZH253] | 在馆 | |
| 2 | 55967 | 200559671 | 期刊室512/301自科库 47排5列1层/ [索取号:TP312/ZH253] | 在馆 |